000 00805 a2200229 4500
003 CBULib
005 20240709101222.0
008 240709b |||||||| |||| 00| 0 eng d
040 _bEnglish
_cCBULib
_erda
050 _aCBU-PG THESIS/MWI
_bB85064
100 _aMwila, Caddy Meyer
245 _aAn analysis of the macroeconomic determinants of commercial banks profitability in Zambia
_c/ by Caddy Meyer Mwila
260 _bCopperbelt University,
_aKitwe :
_c2023
300 _axii, 53 pages : illustrations (some colour)
336 _2rdacontent
_aText |
_btxt
337 _2rdamedia
_aUnmediated |
_bn
338 _2rdacarrier
_aVolume
_bnc
500 _aincludes bibliographical references and appendices
650 0 _93040
_aBANKS AND BANKING
650 0 _93038
_aMACROECONOMICS
942 _2lcc
_c030
999 _c85064
_d85064